HIMYM Trivia 3 - Statistics

General Stats
  • This quiz has been taken 282 times
  • The average score is 6 of 15
Answer Stats
Hint Answer % Correct
Robin's home and native land Canada
100%
What unique footwear does Ted possess Red Cowboy boots
85%
Where does Lily meet Tracey On a Train
69%
The name of Barney's half brother James
63%
How tall is Marshall 6"4
54%
What College did Barney attend M.I.T
38%
According to Victoria what is better than a kiss The drumroll
31%
What was the name of Ted's insane girlfriend Jeanette
25%
What season and episode was titled "The Pineapple Incident" S1 E10
22%
Robin's highschool boyfriend Simon
19%
Who is the evil lead singer in SuperFreakonomics Darren
18%
Where does Mosbius Designs go viral Finland
13%
What language does Lily claim to speak Conductor
12%
The three hackmigos are Marshall, Lily and ... Daryl
8%
What does Ted tell the Captain his name is Galactic President Superstar McAwesomeville
6%
No matching quizzes found
Score Distribution
Percent of People with Each Score
Percentile by Number Answered
Your Score History
You have not taken this quiz